000 00295nam a22001217a 4500
020 _a9788120343665
082 _a070.4
100 _aArnold S.De Beer
245 _aGlobal journalism topical issues and media systems
260 _aNew Delhi
_bPHI learning
_c2011
300 _a482p
942 _cBK
999 _c2578
_d2578